Finite element description of thin membranes for piezomaterials

Salvato in:
Dettagli Bibliografici
Autore principale: Róková, Simona (Autore)
Altri autori: Čekan, Michal (Relatore della tesi)
Natura: Manoscritto Libro
Lingua:slovacco
inglese
Pubblicazione: 2016
Soggetti:
Accesso online:http://is.stuba.sk/zp/portal_zp.pl?podrobnosti=133572
Tags: Aggiungi Tag
Nessun Tag, puoi essere il primo ad aggiungerne!!

MARC

LEADER 00000ntm a22000003a 4500
001 stuzp56163
003 SK-STU
005 20160719154924.4
007 ta
008 150427s2015----xo-----f-mn---000-0-slo-d
040 |a STU  |b slo 
041 0 |a eng 
100 1 |a Róková, Simona  |u 020010  |k Z4  |4 aut  |U SjF Strojnícka fakulta  |T SjF Ústav aplikovanej mechaniky a mechatroniky  |X 44452  |U J0010  |Y 801  |7 A000044452 
242 0 1 |a Popis tenkých membrán pomocou metódy konečných prvkov pre piezoelektrické materiály  |y slo 
245 1 0 |a Finite element description of thin membranes for piezomaterials 
260 |c 2016 
650 4 |a membrána  |2 slo 
650 4 |a piezoelektrický materiál  |2 slo 
650 4 |a Matlab  |2 slo 
650 4 |a konečný prvok  |2 slo 
650 4 |a Ansys  |2 slo 
650 4 |a škrupina  |2 slo 
650 4 |a membrane  |2 eng 
650 4 |a shell  |2 eng 
650 4 |a Matlab  |2 eng 
650 4 |a Ansys  |2 eng 
650 4 |a piezoelectric material  |2 eng 
650 4 |a finite element  |2 eng 
700 1 |a Čekan, Michal  |u 020010  |k Z2  |4 ths  |U SjF Strojnícka fakulta  |T SjF Ústav aplikovanej mechaniky a mechatroniky  |X 41086  |U J0010  |Y 801  |7 A000041086 
856 4 |u http://is.stuba.sk/zp/portal_zp.pl?podrobnosti=133572 
SQL |a stuzp56163  |b DDP  |c ENG  |d Finite element description of thin membranes for piezomaterials  |e 44452  |f Róková, Simona  |g 020010  |h 41086  |i Čekan, Michal  |j 20160615  |k 1325  |l 02  |m http://is.stuba.sk/zp/portal_zp.pl?podrobnosti=133572  |n I-AMAM  |o 5.1.7. aplikovaná mechanika, 5.2.16. mechatronika